<?xml version="1.0" encoding="UTF-8"?>
<record
    xmlns:xsi="http://www.w3.org/2001/XMLSchema-instance"
    xsi:schemaLocation="http://www.loc.gov/MARC21/slim http://www.loc.gov/standards/marcxml/schema/MARC21slim.xsd"
    xmlns="http://www.loc.gov/MARC21/slim">

  <leader>02366nam a22002417a 4500</leader>
  <controlfield tag="008">250703b        |||||||| |||| 00| 0 eng d</controlfield>
  <datafield tag="020" ind1=" " ind2=" ">
    <subfield code="a">9780241422984</subfield>
  </datafield>
  <datafield tag="040" ind1=" " ind2=" ">
    <subfield code="c">tbs</subfield>
  </datafield>
  <datafield tag="041" ind1=" " ind2=" ">
    <subfield code="a">eng</subfield>
  </datafield>
  <datafield tag="050" ind1=" " ind2=" ">
    <subfield code="a">MT90 </subfield>
    <subfield code="b">.C65 2020</subfield>
  </datafield>
  <datafield tag="245" ind1=" " ind2=" ">
    <subfield code="a">The complete classical music guide </subfield>
    <subfield code="c">/ general editor, John Burrows with Charles Wiffen and contributions from Robert Ainsley, [and others].</subfield>
  </datafield>
  <datafield tag="260" ind1=" " ind2=" ">
    <subfield code="a">New York, NY :</subfield>
    <subfield code="b">Dk Publishing,</subfield>
    <subfield code="c">2020.</subfield>
  </datafield>
  <datafield tag="300" ind1=" " ind2=" ">
    <subfield code="a">352 pages : </subfield>
    <subfield code="b">illustrations (chiefly color) ; </subfield>
    <subfield code="c">25 cm.</subfield>
  </datafield>
  <datafield tag="500" ind1=" " ind2=" ">
    <subfield code="a">Introducing classical music. The elements of classical music ; Classical music instruments ; Clasisal music in performance -- The history of classical music. Early music (1000-1600) ;
The Baroque era (1600-1750) ; The Classical era (1750-1820) ; The Romantic era (1810-1920) ; Romantic opera (1810-1920) ; National schools (1830-1950) ; Modern music (1900-present).</subfield>
  </datafield>
  <datafield tag="520" ind1=" " ind2=" ">
    <subfield code="a">What makes Mozart's music so great? Why does a minor chord sound sad and a major chord sound happy? What's the difference between opera and operetta? From Bach to Bernstein, this definitive guide offers a complete survey of the history of classical music.

Whether you already love classical music or you're just beginning to explore it, The Complete Classical Music Guide invites you to discover the spirituality of Byrd's masses, the awesome power of Handel's Messiah, and the wonders of Wagner's operas, as well as hundreds more composers and their masterpieces. This guide takes you on a journey through more than 1,000 years, charting the evolution of musical instruments, styles, and genres. Biographies of major and lesser-known composers offer rich insights into their music and the historical and cultural contexts that influenced their genius.

The book explores the features that defined each musical era - from the ornate brilliance of the Baroque, through the drama of Romantic music, to contemporary genres such as minimalism and electronic music. Timelines, quotes, and colour photographs give a voice to this music and the exceptionally gifted individuals who created it.</subfield>
  </datafield>
  <datafield tag="650" ind1=" " ind2="0">
    <subfield code="a">Music appreciation</subfield>
    <subfield code="9">25655</subfield>
  </datafield>
  <datafield tag="650" ind1=" " ind2="0">
    <subfield code="a">Musical instruments</subfield>
    <subfield code="9">25659</subfield>
  </datafield>
  <datafield tag="650" ind1=" " ind2="0">
    <subfield code="a">Composers</subfield>
    <subfield code="9">25667</subfield>
  </datafield>
  <datafield tag="700" ind1=" " ind2=" ">
    <subfield code="a">Burrows, John</subfield>
    <subfield code="d">1939-</subfield>
    <subfield code="9">25668</subfield>
    <subfield code="e">editor</subfield>
  </datafield>
  <datafield tag="700" ind1=" " ind2=" ">
    <subfield code="a">Wiffen, Charles</subfield>
    <subfield code="9">25669</subfield>
    <subfield code="e">editor</subfield>
  </datafield>
  <datafield tag="700" ind1=" " ind2=" ">
    <subfield code="a">Ainsley, Robert</subfield>
    <subfield code="9">25670</subfield>
    <subfield code="e">editor</subfield>
  </datafield>
  <datafield tag="942" ind1=" " ind2=" ">
    <subfield code="2">lcc</subfield>
  </datafield>
  <datafield tag="952" ind1=" " ind2=" ">
    <subfield code="0">0</subfield>
    <subfield code="1">0</subfield>
    <subfield code="2">lcc</subfield>
    <subfield code="4">0</subfield>
    <subfield code="7">0</subfield>
    <subfield code="a">TBS</subfield>
    <subfield code="b">TBS</subfield>
    <subfield code="d">2025-07-03</subfield>
    <subfield code="l">0</subfield>
    <subfield code="o">MT90 BUR</subfield>
    <subfield code="p">B05827</subfield>
    <subfield code="r">2025-07-03</subfield>
    <subfield code="t">1</subfield>
    <subfield code="w">2025-07-03</subfield>
    <subfield code="y">1</subfield>
  </datafield>
  <datafield tag="999" ind1=" " ind2=" ">
    <subfield code="c">4824</subfield>
    <subfield code="d">4824</subfield>
  </datafield>
</record>
